Score 0/58 Timer 05:00
0 Plays Today
% Correct
Death
96.3%
Yellow
93.5%
Grand
91.7%
Glac
90.7%
Mount
90.7%
Theodore
90.7%
Bryce
89.8%
Eve
89.8%
Bad
88.9%
Joshua
88.9%
Olym
88.9%
Petrified
88.9%
Yo
88.9%
Crater
87%
Grand
87%
Hawaii
85.2%
Carlsbad
84.3%
Hot
84.3%
Shena
84.3%
Great Sand
83.3%
Great
83.3%
Rocky
83.3%
Zi
83.3%
Mammoth
82.4%
Mesa
82.4%
Se
82.4%
Virgin
81.5%
Aca
80.6%
Dena
79.6%
% Correct
Bis
78.7%
Big
77.8%
Channel
77.8%
Pin
75.9%
Kings
75%
Voya
75%
Gates of the
74.1%
Great
73.1%
Dry
72.2%
Glacier
71.3%
Sagu
71.3%
Guadalupe
70.4%
Cuyahoga
69.4%
Red
69.4%
Arc
68.5%
Black Canyon
67.6%
Capitol
67.6%
Cong
65.7%
Canyon
64.8%
Isle
64.8%
Wind
64.8%
Wrangell-
64.8%
Hale
63.9%
Kat
63.9%
Kenai
63.9%
Lassen
63.9%
Lake
62%
North
60.2%
Kobuk
59.3%
Remove Ads.
Support Sporcle.
Get the best of Sporcle when you Go Orange. This ad-free experience offers more features, more stats, and more fun while also helping to support Sporcle. Thank you for becoming a member.

You're not logged in!

Compare scores with friends on all Sporcle quizzes.
OR
Log In

Show Comments

Extras

Created Jan 3, 2015ReportNominate
Tags:National Parks, USA

Top Quizzes Today


Score Distribution

Your Account Isn't Verified!

In order to create a playlist on Sporcle, you need to verify the email address you used during registration. Go to your Sporcle Settings to finish the process.

Report this User

Report this user for behavior that violates our Community Guidelines.

Details: